书目信息 |
| 题名: |
《新概念英语(新版)3》学习笔记
|
|
| 作者: | 王甲富 , 林晓珊 编著 | |
| 分册: | ||
| 出版信息: | 北京 中国水利水电出版社 2009.05 |
|
| 页数: | 373页 | |
| 开本: | 26cm | |
| 丛书名: | ||
| 单 册: | ||
| 中图分类: | H31 | |
| 科图分类: | ||
| 主题词: | 英语--ying yu--自学参考资料 | |
| 电子资源: | ||
| ISBN: | 978-7-5084-6407-7 | |
| 000 | 00889nam0 2200241 450 | |
| 001 | 012009798625 | |
| 005 | 20091128163619.59 | |
| 010 | @a978-7-5084-6407-7@dCNY36.00 | |
| 100 | @a20091128d2009 em y0chiy0120 ea | |
| 101 | 0 | @achi@aeng |
| 102 | @aCN@b110000 | |
| 105 | @ay z 000yy | |
| 106 | @ar | |
| 200 | 1 | @a《新概念英语(新版)3》学习笔记@A《xin gai nian ying yu(xin ban)3》xue xi bi ji@f王甲富, 林晓珊等编著@Fwang jia fu,lin xiao shan deng bian zhu |
| 210 | @a北京@c中国水利水电出版社@d2009.05 | |
| 215 | @a373页@d26cm | |
| 330 | @a本书是《新概念英语(新版)3》学习辅导书,对教材中的词汇、语法和课后习题讲解作为重点,分为词汇助记、课文重点讲解、课后习题讲解三部分。 | |
| 606 | 0 | @a英语@Aying yu@j自学参考资料 |
| 690 | @aH31@v4 | |
| 701 | 0 | @a王甲富@Awang jia fu@4编著 |
| 701 | 0 | @a林晓珊@Alin xiao shan@4编著 |
| 801 | 0 | @aCN@bQSSK@c20091128 |
| 905 | @b767603-05@dH31@eW221@f3 | |
| 《新概念英语(新版)3》学习笔记/王甲富, 林晓珊等编著.-北京:中国水利水电出版社,2009.05 |
| 373页;26cm |
| ISBN 978-7-5084-6407-7:CNY36.00 |
| 本书是《新概念英语(新版)3》学习辅导书,对教材中的词汇、语法和课后习题讲解作为重点,分为词汇助记、课文重点讲解、课后习题讲解三部分。 |
| ● |
| 相关链接 |
|
|
|
正题名:《新概念英语(新版)3》学习笔记
索取号:H31/W221
 
预约/预借
| 序号 | 登录号 | 条形码 | 馆藏地/架位号 | 状态 | 备注 |
| 1 | 767603 | 207676031 | 语言库209/209语言库 87排1列1层/ [索取号:H31/W221] | 在馆 | |
| 2 | 767604 | 207676040 | 语言库209/ [索取号:H31/W221] | 在馆 | |
| 3 | 767605 | 207676059 | 语言库209/ [索取号:H31/W221] | 在馆 |